000
00215nam a22000977a 4500
082
_a
823
_b
BLY/P
100
_a
BLYTON, ENID
245
_a
THE PUT-EM-RIGHTS
246
_a
THE PUT-EM-RIGHTS
_b
THE PUT-EM-RIGHTS
942
_c
BK
999
_c
8361
_d
8361